000 00803nam a22001817a 4500
005 20231123171518.0
010 _aHIN-126369
020 _a9789392568565
_c699.00
035 _aHN-98715
037 _bDBAD/PUB.
082 _a305.9085
245 _aतृतीय लिंग विमर्श:कल आज और कल/
_cसंपादक रेशमा अंसारी और कमलेश गोगिया
260 _aChhattisgarh
_bAditi Publication
_c2023
270 _aOpp. New Panchajanya vidya mandir near tirnga chowk kushalpur Raipur
_bChhattisgarh
300 _a206 पृष्ट
_c29सेमी (अजिल्द)
710 _a कमलेश गोगिया
_eसंपादक
_959044
942 _aDPL
_cHN
_2ddc
_h305.9085
_mतृतीय
999 _c199211
_d199211